[Event "IND-chT (Women)"]
[Site "Pollachi"]
[Date "2023.02.15"]
[Round "6.2"]
[White "Mohana, Praba RB"]
[Black "Vantika, Agrawal"]
[Result "0-1"]
[WhiteElo "1501"]
[BlackElo "2370"]
[PlyCount "88"]
[EventDate "2023.02.10"]
[EventType "team-swiss"]
[EventRounds "7"]
[EventCountry "IND"]
[SourceTitle "CBM 212 Extra"]
[Source "ChessBase"]
[SourceDate "2023.03.31"]
[SourceVersion "1"]
[SourceVersionDate "2023.03.31"]
[SourceQuality "1"]
[WhiteTeam "Tamil Nadu (W)"]
[BlackTeam "AAI (W)"]
[WhiteTeamCountry "IND"]
[BlackTeamCountry "IND"]

1. d4 Nf6 2. Nf3 g6 3. c4 Bg7 4. Nc3 0-0 5. e4 d6 6. h3 e5 7. d5 a5 8. Be3 Na6 9. Be2 Nh5 10. Qd2 Nc5 11. Nh2 Nf4 12. Bxf4 exf4 13. 0-0 Bxc3 14. Qxc3 Nxe4 15. Qd4 Re8 16. Bf3 Qf6 17. Qxf6 Nxf6 18. Rfe1 Bf5 19. Rad1 h5 20. h4 Nd7 21. b3 Nc5 22. Nf1 Nd3 23. Rxe8+ Rxe8 24. Nd2 Nb4 25. a3 Nc2 26. c5 dxc5 27. Nc4 Nd4 28. Nxa5 b6 29. Nc4 Bc2 30. Rc1 Bxb3 31. Nd2 Nxf3+ 32. Nxf3 Bxd5 33. Rc3 c4 34. Nd4 Re1+ 35. Kh2 c6 36. Nxc6 Bxc6 37. Rxc4 Bd7 38. Rxf4 b5 39. Rb4 Rc1 40. Rb3 Rc4 41. g3 Rc2 42. Kg1 Kf8 43. Kf1 Be6 44. Re3 Rb2 0-1

[Event "IND-ch U17 Girls"]
[Site "Saravanampatty"]
[Date "2017.10.30"]
[Round "9"]
[White "Mohana, Praba RB"]
[Black "Jyothsna, L."]
[Result "0-1"]
[WhiteElo "1492"]
[BlackElo "2121"]
[PlyCount "122"]
[EventDate "2017.10.24"]
[EventType "swiss"]
[EventRounds "11"]
[EventCountry "IND"]
[SourceTitle "CBM 181 Extra"]
[Source "ChessBase"]
[SourceDate "2017.12.12"]
[SourceVersion "1"]
[SourceVersionDate "2017.12.12"]
[SourceQuality "1"]

1. d4 d5 2. Nf3 Nf6 3. e3 c6 4. Bd3 Nbd7 5. Nbd2 e6 6. b3 c5 7. Bb2 cxd4 8. exd4 Bd6 9. Ne5 0-0 10. 0-0 Re8 11. Re1 Nf8 12. Ndf3 N6d7 13. Qd2 f6 14. Nxd7 Bxd7 15. Re2 b5 16. Rae1 Qc7 17. h3 Rec8 18. g4 a5 19. a3 Bf4 20. Qd1 b4 21. a4 Be8 22. Bc1 Ra7 23. Bd2 Qd6 24. Qc1 Bxd2 25. Qxd2 Rc3 26. Nh4 Qb6 27. Ng2 g5 28. Ne3 Bf7 29. Nd1 Rcc7 30. Qe3 Re7 31. Rd2 Rac7 32. Qf3 Kg7 33. Ree2 Re8 34. Bb5 Rec8 35. Bd3 Bg6 36. Ne3 Bxd3 37. Rxd3 Ng6 38. Rdd2 Nf4 39. Re1 Rc3 40. h4 h6 41. h5 Qd6 42. Kf1 Rf8 43. Kg1 Rf7 44. Kf1 Kh7 45. Kg1 f5 46. Qd1 Nh3+ 47. Kg2 Nf4+ 48. Kg1 Qf8 49. gxf5 exf5 50. Qf3 Qd6 51. Qg3 Qd7 52. Qf3 Re7 53. Kf1 Re4 54. Red1 Qf7 55. Rc1 g4 56. Qh1 Qe6 57. Qh4 Qf7 58. Rcd1 Kg7 59. Re1 Qf6 60. Qxf6+ Kxf6 61. Nd1 Rh3 0-1

[Event "IND-ch U17 Girls"]
[Site "Saravanampatty"]
[Date "2017.10.28"]
[Round "7"]
[White "Mohana, Praba RB"]
[Black "Priyanka, K."]
[Result "0-1"]
[WhiteElo "1492"]
[BlackElo "2046"]
[PlyCount "96"]
[EventDate "2017.10.24"]
[EventType "swiss"]
[EventRounds "11"]
[EventCountry "IND"]
[SourceTitle "CBM 181 Extra"]
[Source "ChessBase"]
[SourceDate "2017.12.12"]
[SourceVersion "1"]
[SourceVersionDate "2017.12.12"]
[SourceQuality "1"]

1. d4 Nf6 2. Nf3 g6 3. c4 Bg7 4. Nc3 d6 5. e4 0-0 6. Be2 e5 7. d5 a5 8. 0-0 Na6 9. h3 Nd7 10. Nh2 f5 11. exf5 gxf5 12. f4 e4 13. Be3 Kh8 14. Rc1 Rg8 15. Kh1 Qe7 16. Qd2 Ndc5 17. Rfd1 Bd7 18. Nb5 b6 19. Nf1 Bf6 20. Bd4 Raf8 21. Nh2 e3 22. Qxe3 Qxe3 23. Bxe3 Ne4 24. Bf3 Ng3+ 25. Kg1 Bxb2 26. Rb1 Bf6 27. a3 Re8 28. Bd4 Bxd4+ 29. Nxd4 Nc5 30. Re1 Nd3 31. Rxe8 Rxe8 32. Nf1 Nxf1 33. Kxf1 Nxf4 34. Re1 Rxe1+ 35. Kxe1 Kg7 36. Kd2 Kf6 37. Ke3 Ke5 38. h4 Ng6 39. h5 f4+ 40. Kd3 Nh4 41. Be4 h6 42. Bf3 Nf5 43. Nc2 Ng3 44. Nd4 Bf5+ 45. Kc3 Ne4+ 46. Kd3 Nc5+ 47. Kc3 Na4+ 48. Kb3 Kxd4 0-1